000 00317nam a2200133Ia 4500
100 _aAntia H.M
942 _cBK
654 _aScientists and engineers
245 _aNumerical methods for scientists and engineers
260 _bTata McGraw Hill
_aNew Delhi
_c1991
300 _a977
546 _aENGLISH
999 _c21382
_d21382